000 00526nam a2200169Ia 4500
008 090711s9999 xx 000 0 und d
082 _b1499
100 _aखाडीलकर उषा
245 _aपराजीत भ्रमर
260 _bकोमल प्रकाशन
_c1999
300 _a119
600 _aखाडीलकर उषा
630 _aपराजीत भ्रमर
700 _aखाडीलकर उषा
730 _aपराजीत भ्रमर
942 _cBOOK
999 _c336481
_d336481